|
|
|
|
| LEADER |
00000nam0a2200000 4500 |
| 001 |
152928 |
| 005 |
20231101221645.0 |
| 010 |
|
|
|a 9785829108786
|b (в пер.)
|b 3000 экз.
|
| 021 |
|
|
|a RU
|b 07-50853
|9 07-2690
|
| 035 |
|
|
|a (RuTPU)RU\TPU\book\165817
|
| 090 |
|
|
|a 152928
|
| 100 |
|
|
|a 20070917d2007 m u0rusy5002 ca
|
| 101 |
0 |
|
|a rus
|
| 102 |
|
|
|a RU
|
| 105 |
|
|
|a y j 000zy
|
| 200 |
1 |
|
|a Русский язык и культура речи
|e учебное пособие для вузов
|f И. Б. Лобанов
|
| 210 |
|
|
|a Москва
|c Академический проект
|d 2007
|
| 215 |
|
|
|a 324, [1] с.
|d 21 см.
|
| 225 |
1 |
|
|a Gaudeamus
|
| 330 |
|
|
|a В учебном пособии в строгом соответствии с государственным образовательным стандартом излагаются основы курса «Русский язык и культура речи». На его страницах читатель найдет описание качеств «хорошей» речи, основных норм современного русского языка, а также его стилистических ресурсов. Особое внимание в учебном пособии уделяется риторике и искусству публичного выступления, которые так необходимы для современного образованного человека. Упражнения по самым важным проблемам культуры речи помогут читателю закрепить полученные знания и проверить свой уровень владения нормами языка. В учебное пособие включен словарь, который поможет при выполнении упражнений, а также в овладении тонкостями современных языковых норм. Для студентов высших учебных заведений.
|
| 606 |
1 |
|
|a Русский язык
|x Учебные руководства и пособия для высшей школы
|2 stltpush
|3 (RuTPU)RU\TPU\subj\26398
|9 50338
|
| 606 |
1 |
|
|a Русский язык
|x Стилистика, перевод, культура речи
|2 stltpush
|3 (RuTPU)RU\TPU\subj\26396
|9 50336
|
| 610 |
1 |
|
|a культура речи
|
| 610 |
1 |
|
|a языковая норма
|
| 610 |
1 |
|
|a функциональные стили
|
| 610 |
1 |
|
|a ораторское искусство
|
| 610 |
1 |
|
|a публичные выступления
|
| 610 |
1 |
|
|a трудности
|
| 610 |
1 |
|
|a язык
|
| 610 |
1 |
|
|a стилистические ресурсы
|
| 610 |
1 |
|
|a единицы общения
|
| 686 |
|
|
|a Ш141.2-923.7
|v LBC/SL-A
|2 rubbk
|
| 700 |
|
1 |
|a Лобанов
|b И. Б.
|g Игорь Борисович
|4 070
|
| 801 |
|
1 |
|a RU
|b 63413507
|c 20090206
|g PSBO
|
| 801 |
|
2 |
|a RU
|b 63413507
|c 20150423
|g PSBO
|
| 900 |
|
|
|a Русский язык и культура речи
|
| 942 |
|
|
|c BK
|
| 951 |
|
|
|b 031000
|b 031001
|
| 959 |
|
|
|a 18/20090203
|d 2
|e 210,00
|f АНЛ:1
|f ЧЗИЛ:1
|